|
|
|
|
| LEADER |
02174njm a2200517 i 4500 |
| 001 |
001680574 |
| 003 |
CZ BrMZK |
| 005 |
20190605153255.0 |
| 007 |
sd fungnnmmned |
| 008 |
190426t20182018xr munng n cze |
| 015 |
|
|
|a cnb003087039
|
| 024 |
1 |
|
|a 602577056703
|
| 028 |
0 |
1 |
|a 770 567-0
|b Universal Music
|
| 040 |
|
|
|a BOA001
|b cze
|e rda
|
| 045 |
|
|
|a x9y1
|
| 047 |
|
|
|a pp
|a rc
|
| 072 |
|
7 |
|a 78.011.26
|x Populární hudba. Populární písně. Populární taneční hudba
|2 Konspekt
|9 9
|
| 080 |
|
|
|a 78.036.011.26
|2 MRF
|
| 080 |
|
|
|a 78.03.011.26
|2 MRF
|
| 080 |
|
|
|a (086.76)
|2 MRF
|
| 245 |
0 |
0 |
|a Anna K :
|b best of 1993-2018
|
| 246 |
3 |
|
|a Best of 1993-2018 - Anna K
|
| 264 |
|
1 |
|a [Praha] :
|b Universal Music Group,
|c [2018]
|
| 264 |
|
4 |
|c ©2018
|
| 300 |
|
|
|a 1 CD audio ;
|c 12 cm
|
| 336 |
|
|
|a hraná hudba
|b prm
|2 rdacontent
|
| 337 |
|
|
|a audio
|b s
|2 rdamedia
|
| 338 |
|
|
|a audiodisk
|b sd
|2 rdacarrier
|
| 344 |
|
|
|a digital
|b optical
|2 rda
|
| 347 |
|
|
|a audio soubor
|b CD audio
|2 rda
|
| 500 |
|
|
|a Název z pouzdra
|
| 500 |
|
|
|a Hudba, texty většinou Tomáš Vartecký
|
| 500 |
|
|
|a Původní fonogramy 1993-2017 Universal Music a další
|
| 505 |
0 |
0 |
|t Vždycky se budeme znát --
|t Až mě zachráníš --
|t Moudřejší než noc --
|t Píseň o slzách --
|t Holka modrooká --
|t Tamaryšek --
|t Večernice --
|t O kousek vedle tebe --
|t Noc na zemi --
|t Šestý smysl --
|t Večírek za koncem --
|t Zavírám oči --
|t Stačí když se díváš --
|t Vzácnej den --
|t Chvíli nad vodou --
|t Nelítám nízko --
|t Nebe --
|t Kousek mýho já --
|t Šetři s tím --
|t Láska --
|t Já nezapomínám
|
| 511 |
0 |
|
|a Zpívá Anna K
|
| 530 |
|
|
|a Vydáno též na gramofonových deskách
|
| 648 |
|
7 |
|a 1991-2020
|7 ch771949
|2 czenas
|
| 650 |
0 |
7 |
|a rock
|7 ph125174
|2 czenas
|
| 650 |
0 |
7 |
|a populární hudba
|7 ph124352
|y 1991-2020
|2 czenas
|
| 655 |
|
7 |
|a kompaktní disky
|7 fd201991
|2 czenas
|
| 700 |
1 |
|
|a Vartecký, Tomáš,
|d 1971-
|7 jx20050721062
|4 cmp
|4 lyr
|
| 700 |
0 |
|
|a Anna K.,
|d 1965-
|7 mzk200216164687
|4 sng
|
| 910 |
|
|
|a BOA001
|b CDR-1427.213
|
| 990 |
|
|
|a AV
|
| 991 |
|
|
|b 201906
|
| 996 |
6 |
|
|b 2610780102
|c CDR-1427.213
|l MZK
|r Sklad / do 24 hodin
|n 0
|p p.v.
|w 001720994
|u 000010
|a 1
|e BOA001
|j MZK50
|s P
|